000
00252nam a2200097Ia 4500
001
956683
005
20250826215829.0
008
250824s9999 xx 000 0 und d
245
0
_a
KUZULAR VADİSİ
_c
ÜSTÜN DÖKMEN
260
_b
REMZİ KİTABEVİ YAYINLARI
999
_c
956683
_d
956683